| 000 | 01385nam a2200265Ia 4500 | ||
|---|---|---|---|
| 008 | 0000002013 sp ad 0000000000mul00 | ||
| 020 | _a9788492462315 | ||
| 090 | _aPSP00 B31e | ||
| 110 | 1 | _aBiblioteca Nacional de España. Madrid | |
| 245 | 1 | 0 |
_aEsteban Lisa _b: retornos, Toledo, 1895, Buenos Aires 1983 _c/ Biblioteca NAcional de España ; textos Artur Ramos ...[et al.] ; traducción Laura Suffield ; fotografías Gonzalo de la Serna, Santiago Torralba |
| 300 |
_a294 p. _c/ 26 cm. |
||
| 500 | _aExposición realizada en la Biblioteca Nacional de España, Madrid entre septiembre y noviembre de 2013 y en el Museo de Santa Cruz de Toledo entre diciembre de 2013 y junio de 2014 \ Incluye datos biográficos y cronología artística \ Textos en español e inglés | ||
| 600 | 0 | 0 |
_a LISA, ESTEBAN, 18951983/ _xTRABAJOS PICTORICOS |
| 610 |
_aBIBLIOTECA NACIONAL DE ESPAñA. MADRID./ _xEXPOSICIONES/ _xCATALOGOS |
||
| 650 | 1 | 4 | _a PINTURA ESPAÑOLA |
| 650 | 1 | 4 | _aARTISTAS PLASTICOS ESPAÑOLES |
| 650 | 1 | 4 | _xCATALOGOS |
| 650 | 1 | 4 | _xEXPOSICIONES |
| 650 | 1 | 4 | _aPINTORES ESPAÑOLES |
| 650 | 1 | 4 | _aPINTURA ESPAÑOLA |
| 650 | 1 | 4 | _aSIGLO XX |
| 700 | 1 | _aRamon, Artur, 1967 \ Cereceda, Miguel \ Leclercq, Stefan \ Herzberg, Julia P. \ Sánchez Gil, Julio | |
| 999 |
_c13557 _d13557 |
||
| 260 |
_aMadrid : Gobierno de España _c2013 |
||